000 00649cam a22002173a 4500
001 40162
003 PGUSA
005 20140828083908.0
008 120708s2012||||xxu|||||s|||||000 | eng d
040 _aPGUSA
_beng
042 _adc
100 1 _aTicklemore,
_cDr
245 1 4 _aThe Humour and Pathos of Anglo-Indian Life :
_bExtracts from his brothers note-book.
_h[electronic resource] /
_cTicklemore,
260 _bProject Gutenberg,
_c2012
506 _aPublic domain in the USA.
516 _aElectronic text
700 1 _aMayer, J. E.
830 0 _aProject Gutenberg
_v40162
856 4 0 _uhttp://www.gutenberg.org/ebooks/40162
942 _cEB
999 _c269415
_d269415